000 01508nam0a2200289 i 4500
001 RU\NLR\BIBL_A\011191492
005 20240921163310.0
010 _a9785731034869
_9500
021 _aRU
_b2016-59263
_93760
035 _a(NLR Aleph) 011191492
090 _a11872329
_c11872329
100 _a20160811d2015 k y0rusy50 ca
101 0 _arus
_deng
102 _aRU
105 _ay z 000yy
200 1 _aСоциальные технологии в становлении кадрового потенциала государственной службы
_fД.А. Савчук
_gМ-во образования и науки Рос. Федерации, Федер. гос. бюджет. образоват. учреждение высш. образования "С.-Петерб. гос. экон. ун-т"
210 _aСанкт-Петербург
_cИзд-во Санкт-Петербургского государственного экономического университета
_d2015
215 _a143 с.
_d20
300 _aРез. на англ. яз.
320 _aБиблиогр.: с. 130-141 (167 назв.) и в подстроч. примеч.
606 1 _aГосударственные служащие
_xСоциологические исследования
_91484816
_3RU\NLR\AUTH\66634698
686 1 _aС550.321.5
700 1 _aСавчук
_bД. А.
_gДмитрий Александрович
942 _cBOOK
980 _aNBR